|
|
|
|
| LEADER |
00000cas a2200000 a 4500 |
| 001 |
vtls008881320 |
| 003 |
SK-MaSNL |
| 005 |
20260228162140.0 |
| 008 |
010207d20012003xo qr|p 0 0 b0slo |
| 022 |
|
|
|a 1335-7638
|
| 035 |
|
|
|a (SVKBB03)vtls000062563
|
| 040 |
|
|
|a SVKBB
|b slo
|c SVKBB
|d SNK
|e AACR2
|
| 041 |
0 |
|
|a slo
|
| 044 |
|
|
|a xo
|c SK
|
| 072 |
|
7 |
|a 364
|x Sociálne problémy vyžadujúce podporu a pomoc. Sociálne zabezpečenie
|2 konspekt
|
| 072 |
|
7 |
|a 615
|x Farmácia. Farmakológia
|2 konspekt
|
| 080 |
|
|
|a 364.692:615.015.6
|2 2011
|
| 080 |
|
|
|a 615.32
|2 2011
|
| 080 |
|
|
|a 050
|2 2001
|
| 080 |
|
|
|a (051)-048.55
|2 2011
|
| 210 |
0 |
|
|a Sprav. listy
|b (Odb. spol. závis. psychoakt. látok)
|
| 222 |
|
0 |
|a Spravodajské listy
|b (Odborná spoločnosť pre závislosti od psychoaktívnych látok)
|
| 245 |
0 |
0 |
|a Spravodajské listy
|
| 260 |
|
|
|a V Bratislave
|b Spoločnosť pre závislosti od psychoaktívnych látok
|b Inštitút drogových závislostí CPLDZ
|c 2001-2003
|
| 300 |
|
|
|a 3 zv.
|c 30 cm
|
| 310 |
|
|
|a Nepravidelne
|
| 362 |
0 |
|
|a Roč. 1, č. 0 (2001)-(2003)
|
| 500 |
|
|
|a Registračné č.: MK SR 2473/2001, MK SR 2473/2002
|
| 500 |
|
|
|a Uvádzajú štvrťročnú periodicitu, ale vychádzajú nepravidelne
|
| 500 |
|
|
|a Podľa Agentúry ISSN ukončili vydávanie čas. v r. 2003
|
| 515 |
|
|
|a Niektoré čísla vychádzajú ako dvojčíslo
|
| 650 |
0 |
7 |
|a drogy
|2 SNKPH
|9 1552
|
| 650 |
0 |
7 |
|a drogová závislosť
|2 SNKPH
|9 1551
|
| 655 |
|
7 |
|a špecializované časopisy
|2 SNKPH
|9 70509
|
| 752 |
|
|
|a Slovensko
|d Bratislava
|
| 910 |
|
|
|a snk
|
| 999 |
|
|
|c 6943
|d 8873
|
| 952 |
|
|
|0 0
|1 0
|4 0
|7 0
|8 0
|a SNK
|b SNK
|d 2018-10-25
|i snk2018/22093
|l 0
|o snkČSB 6840/2/2002
|p 17A1329352
|r 2026-02-21 19:46:05
|t č. 1-4
|w 2026-02-21
|y PREZ
|
| 952 |
|
|
|0 0
|1 0
|4 0
|7 0
|8 0
|a SNK
|b SNK
|d 2018-10-24
|i snk2018/22067
|l 0
|o snkČSB 6840/1/2001
|p 17A1329351
|r 2026-02-21 21:57:57
|t č. 0-2
|w 2026-02-21
|y PREZ
|z V nultom čísle nie je uvedený ročník
|